00380 2200169 4500001002100000005001500021035002000036245003200056100001100088250000600099260003900105082000800144084001400152020001800166990001300184990001300197INLIS00000000000162920250428015014 a0010-04250000451 aRahasia Kedalaman /cDarsan0 aDarsan a1 aJakarta :bPT. Dian Ariesta,c2002 a813 a813 DAR r a979-3306-04-1 a03.20101 a03.20102